| 000 | 00427nam a2200145 a 4500 | ||
|---|---|---|---|
| 001 | 000032530 | ||
| 005 | 20200930065705.0 | ||
| 008 | 110719s1970 dr 000 0 spa d | ||
| 040 |
_aDO-SdBNP _bspa _cBNPHU |
||
| 082 |
_axxxx _bS237g |
||
| 100 | 1 |
_aSantos Suriel, Pablo _957410 |
|
| 245 | 1 | 4 |
_aLos gavilleros que dijeron presentes. / _cPablo Santos Suriel. |
| 260 |
_a[Santo Domingo _as. n., _c1970?]. |
||
| 300 |
_a123 p. ; _c17 cm. |
||
| 999 |
_c32021 _d32021 |
||